• 首页
  • 本馆介绍
  • 公告通知
  • 最新文献
  • 馆藏检索
  • 电子资源
  • 读者导购
  • 参考咨询
  • 我的图书馆
  • 登录
  • 详细信息显示
  • 放入我的书架
  • 预约/预借图书
  • 作者相关作品
  • 分类相关作品
  • 丛书相关作品
  • 出版社相关作品

书目信息

  • 表格格式
  • 工作单格式
  • 卡片格式
题名:
通俗科技英语文选
    
 
作者: ;南京大学外文系公共英语教研室 编
分册: 第十九册  
出版信息: 北京   商务印书馆  1986
页数: 93页
开本: 19cm
丛书名:
单 册:
中图分类: H319.4:N , H319.4
科图分类:
主题词: 英语-科学技术--课外读物 , 科学技术-英语--课外读物
电子资源:
ISBN:
000 00817nam0 2200265 45
001 0180004428
005 20040513111148.6
010    @dCNY0.49
091    @a9017.1493
100    @a19950523f19861988em y0chiy0121 ea
101 0  @achi@aeng
102    @aCN@b110000
105    @ay z 000yy
106    @ar
200 10 @a通俗科技英语文选@h第十九册@Atong su ke ji ying yu wen xuan@f南京大学外文系公共英语教研室编
210    @a北京@c商务印书馆@d1986
215    @a93页@d19cm
606    @a英语-科学技术@x课外读物
606    @a科学技术-英语@x课外读物
690    @aH319.4:N@v3
690    @aH319.4@v3
711 02 @a南京大学外文系公共英语教研室@Anan jing da xue wai wen xi gong gong ying yu jiao yan shi@4编
801  0 @aCN@b上海图书馆@c20040513
801  2 @aCN@bNLC@c20040513
905    @f4@b160861-864@dH319.4@e181:19
    
    通俗科技英语文选.第十九册/南京大学外文系公共英语教研室编.-北京:商务印书馆,1986
    93页;19cm
    
    
    ISBN :CNY0.49
    
●
相关链接 在E读中查询图书 在五车中查询图书 在当当中查询图书 在豆瓣中查询图书


正题名:通俗科技英语文选     索取号:H319.4/181:19         预约/预借

序号 登录号 条形码 馆藏地/架位号 状态 备注
1 0160861   001082358   第四借阅区/ [索取号:H319.4/181:19] 在馆    
2 0160862   001082330   第四借阅区/ [索取号:H319.4/181:19] 在馆    
3 0160863   001082303   第四借阅区/ [索取号:H319.4/181:19] 在馆    
4 0160864   001082367   第四借阅区/ [索取号:H319.4/181:19] 在馆    
5 0160865   001082349   第二样本阅览室/ [索取号:H319.4/181:19] 在馆    
唐山师范学院图书馆 欢迎您!
大连网信软件有限公司© 版权所有